01629cam a22003495a 45000010009000000050017000090080041000260200018000670400028000850820019001132450113001322500012002452600043002573000036003004900037003365000027003735000026004005040041004266500039004676500065005066510010005716530035005816550024006167000024006407000052006649420008007169990017007249520132007419520133008739520132010069520141011381877845720201128023712.0150910t2015 njua frbd 001 0 eng d a9781118999479 aDLCbengcDLCdEG-ScBUE04222a657.3bINT00aInternational financial statement analysis /cThomas R. Robinson ... [et al.] ; foreword by Anthony T. Cope. a3rd ed. aHoboken :bJohn Wiley & Sons,cc.2015. axxiv, 1033 p. :bill. ;c26 cm.0 aCFA institute investment series. aGlossary : p. 987-997. aIndex : p. 1005-1033. aIncludes bibliographical references. 7aFinancial statements.2BUEsh94982 7aInternational business enterprisesxAccounting.2BUEsh93016 2BUEsh bBUSADMcMarch2016cOctober2016 vReading book9342321 aRobinson, Thomas R.1 aCope, Anthony T.,eauthor of introduction, etc. 2ddc c21544d21516 00102ddc40708BaccahaMAINbMAINc1STd2016-03-29ePurchasel1m2o657.3 INTp000032225r2025-07-15 00:00:00s2018-07-10yBB 00102ddc40708BaccahaMAINbMAINc1STd2016-03-29ePurchasel2m14o657.3 INTp000032226r2025-07-15 00:00:00s2020-03-11yBB 00102ddc40708BaccahaMAINbMAINc1STd2016-03-29ePurchasel1m9o657.3 INTp000032227r2025-07-15 00:00:00s2020-03-11yBB 00102ddc40708AcademicaMAINbMAINc1STd2016-10-13ePurchaseg425.00h9154l0o657.3 INTp000034079r2025-07-15 00:00:00v531.00yBB